Electric Vehicle Software Design (Record no. 28958)
[ view plain ]
| 000 -LEADER | |
|---|---|
| fixed length control field | 00615nam a2200145Ia 4500 |
| 008 - FIXED-LENGTH DATA ELEMENTS--GENERAL INFORMATION | |
| fixed length control field | 250506s9999 xx 000 0 und d |
| 024 ## - OTHER STANDARD IDENTIFIER | |
| Standard number or code | 17B-057-CS, 17B-028-CS, 17B-006-CS, 17B-046-CS & 17B-054-CS |
| 082 ## - DEWEY DECIMAL CLASSIFICATION NUMBER | |
| Classification number | 004.986072 MUH |
| 100 ## - MAIN ENTRY--PERSONAL NAME | |
| Personal name | Muhammad Yusuf Abdullah Hashmi, Osama Zain, Syeda Hiba Khalid, Faiza Shahab & Marium Hashmi |
| 245 #0 - TITLE STATEMENT | |
| Title | Electric Vehicle Software Design |
| 260 ## - PUBLICATION, DISTRIBUTION, ETC. | |
| Place of publication, distribution, etc. | Karachi: |
| Name of publisher, distributor, etc. | UIT, |
| Date of publication, distribution, etc. | 2017 |
| 600 ## - SUBJECT ADDED ENTRY--PERSONAL NAME | |
| Personal name | Computer Science |
| 650 ## - SUBJECT ADDED ENTRY--TOPICAL TERM | |
| Topical term or geographic name entry element | Bachelor of Computer Science (BS) |
| 856 ## - ELECTRONIC LOCATION AND ACCESS | |
| Uniform Resource Identifier | <a href="https://drive.google.com/file/d/1C-HMTj92t34JmCeZS_j-3piT17TjTZ4t/view?usp=sharing">https://drive.google.com/file/d/1C-HMTj92t34JmCeZS_j-3piT17TjTZ4t/view?usp=sharing</a> |
| Link text | Click here for PDF |
| Withdrawn status | Lost status | Damaged status | Not for loan | Collection | Home library | Current library | Date acquired | Total checkouts | Full call number | Barcode | Date last seen | Price effective from | Koha item type |
|---|---|---|---|---|---|---|---|---|---|---|---|---|---|
| PR-Computer Science | UITU Library | UITU Library | 07/26/2022 | 004.986072 MUH | BS-629 | 05/06/2025 | 05/06/2025 | Project Report |

